North Texas Alumni - Statistics

General Stats
  • This quiz has been taken 5 times
  • The average score is 6 of 8
Answer Stats
Hint Answer % Correct
Co-lead vocalist and drummer of the Eagles Don Henley
100%
Singer, "I'd Do Anything for Love" and actor, "Fight Club" "The Rocky Horror Picture Show" Meat Loaf
100%
Author, "Interview with the Vampire" "Queen of the Damned" Anne Rice
80%
Author, "Terms of Endearment" "The Last Picture Show" "Lonesome Dove" Larry McMurtry
80%
Actor best known for playing the titular role in "RoboCop" Peter Weller
80%
Actor, "Cape Fear" "GoldenEye" "Tomorrow Never Dies" Joe Don Baker
60%
Singer, "Dont' Know Why" "Sunrise" "What Am I to You" Norah Jones
60%
Actor, "Spider-Man 3" "Sideways" "Easy A" Thomas Haden Church
60%
No matching quizzes found
Score Distribution
Percent of People with Each Score
Percentile by Number Answered
Your Score History
You have not taken this quiz